Les Fleurs du mal - Parties - Statistiques

Statistiques générales
  • Ce quiz a été pris 11 fois
  • Le résultat moyen est 3 sur 6
Statistiques - réponses
Nombre de poèmes dans la partie Réponse % Correct
85 poèmes Spleen et Ideal
67%
12 poèmes Fleurs du Mal
50%
6 poèmes La mort
50%
5 poèmes Le Vin
50%
16 poèmes Tableaux parisiens
50%
3 poèmes Révolte
33%
Aucun quiz correspondant
Distribution des résultats
% des personnes avec chaque résultat
Percentile par nombre de réponses
Votre historique - résultats
Vous n’avez pas pris ce quiz